000 05195 a2200565 4500
005 2008090300350.0
008 080827t xxu||||| |||| 00| 0 eng d
010 _aB-275529-554
020 _a8180544508
_c215.00
035 _aB-275529-554
040 _adpl
_bEnglish
082 _a658.3
100 _aTripathi, P.C.
245 _aPersonnel management and industrial relations /
_cby P.C. Tripathi
250 _a19th ed
260 _aNew Delhi
_bSultan Chand & Sons
_c2008(repr.)
270 _a23, Darya Ganj,
_bNew Delhi
_e110 002
300 _aVarious pagings
_c25 cm (pbk )
500 _aIncludes index
942 _adpl
_cEN
_2ddc
_h658.3
_mTRI
999 _c15154
_d15154